000 00281nam a2200109Ia 4500
008 231129s9999||||xx |||||||||||||| ||spa||
082 _a540.7 V432q
100 _aVejarano Gregorio
245 0 _aQuimica fundamental : experimentos y conceptos
264 _aNorma
942 _2ddc
_cBKS
999 _c23648
_d23648